书目信息 |
| 题名: |
房屋构造
|
|
| 作者: | 韩慧娟 编 | |
| 分册: | ||
| 出版信息: | 北京 中国环境科学出版社 1995.01 |
|
| 页数: | 271页 | |
| 开本: | 16开 | |
| 丛书名: | ||
| 单 册: | ||
| 中图分类: | TU3-43 | |
| 科图分类: | ||
| 主题词: | 建筑结构 | |
| 电子资源: | ||
| ISBN: | 7-80135-357-9 | |
| 000 | 00500nam0 2200181 45 | |
| 001 | 0007191810 | |
| 005 | 20140930152457.86 | |
| 010 | @a7-80135-357-9@d21.00元 | |
| 100 | @a20000719d1995 km y0chiy0120 ea | |
| 101 | 0 | @achi |
| 200 | 1 | @a房屋构造@AFang Wu Gou Zao@f韩慧娟编@FHan Hui Juan Bian |
| 210 | @a北京@c中国环境科学出版社@d1995.01 | |
| 215 | @a271页@d16开 | |
| 606 | 0 | @a建筑结构 |
| 690 | @aTU3-43@v3 | |
| 701 | 0 | @a韩慧娟@4编 |
| 801 | @aCN@bPftUser@c20000719 | |
| 905 | @b69707-726@dTU3-43@eH346@f20 | |
| 房屋构造/韩慧娟编.-北京:中国环境科学出版社,1995.01 |
| 271页;16开 |
| ISBN 7-80135-357-9:21.00元 |
| ● |
| 相关链接 |
|
|
|
正题名:房屋构造
索取号:TU3-43/H346
 
预约/预借
| 序号 | 登录号 | 条形码 | 馆藏地/架位号 | 状态 | 备注 |
| 1 | 300335 | 203003356 | 自科二线404/404自科库 27排1列4层/ [索取号:TU3-43/H346] | 在馆 | |
| 2 | 300337 | 203003374 | 自科二线404/404自科库 28排3列4层/ [索取号:TU3-43/H346] | 在馆 | |
| 3 | 494444 | 204944445 | 建筑库101/101建筑库 75排3列4层/ [索取号:TU3-43/H346] | 在馆 | |
| 4 | 494445 | 204944454 | 建筑库101/101建筑库 75排3列4层/ [索取号:TU3-43/H346] | 在馆 | |
| 5 | 69707 | 200697077 | 自科二线404/404自科库 27排2列1层/ [索取号:TU3-43/H346] | 在馆 | |
| 6 | 69708 | 200697086 | 建筑库101/101建筑库 75排3列4层/ [索取号:TU3-43/H346] | 在馆 | |
| 7 | 69709 | 200697095 | 自科二线404/404自科库 27排2列4层/ [索取号:TU3-43/H346] | 在馆 | |
| 8 | 69710 | 200697102 | 自科二线404/404自科库 27排2列1层/ [索取号:TU3-43/H346] | 在馆 | |
| 9 | 69711 | 200697111 | 自科二线404/404自科库 27排2列1层/ [索取号:TU3-43/H346] | 在馆 | |
| 10 | 69712 | 200697120 | 自科二线404/404自科库 26排3列2层/ [索取号:TU3-43/H346] | 在馆 | |
| 11 | 69713 | 200697139 | 建筑库101/101建筑库 75排3列4层/ [索取号:TU3-43/H346] | 在馆 | |
| 12 | 69714 | 200697148 | 自科二线404/404自科库 27排3列3层/ [索取号:TU3-43/H346] | 在馆 | |
| 13 | 69715 | 200697157 | 建筑库101/101建筑库 75排3列4层/ [索取号:TU3-43/H346] | 在馆 | |
| 14 | 69716 | 200697166 | 自科二线404/404自科库 28排3列4层/ [索取号:TU3-43/H346] | 在馆 | |
| 15 | 69717 | 200697175 | 建筑库101/101建筑库 75排3列4层/ [索取号:TU3-43/H346] | 在馆 | |
| 16 | 69718 | 200697184 | 建筑库101/101建筑库 75排3列4层/ [索取号:TU3-43/H346] | 在馆 | |
| 17 | 69719 | 200697193 | 自科二线404/404自科库 16排2列1层/ [索取号:TU3-43/H346] | 在馆 | |
| 18 | 69720 | 200697200 | 自科二线404/404自科库 26排3列2层/ [索取号:TU3-43/H346] | 在馆 | |
| 19 | 69721 | 200697219 | 自科二线404/404自科库 27排2列1层/ [索取号:TU3-43/H346] | 在馆 | |
| 20 | 69722 | 200697228 | 自科二线404/404自科库 26排3列2层/ [索取号:TU3-43/H346] | 在馆 | |
| 21 | 69723 | 200697237 | 自科二线404/404自科库 27排2列1层/ [索取号:TU3-43/H346] | 在馆 | |
| 22 | 69724 | 200697246 | 自科二线404/404自科库 27排3列3层/ [索取号:TU3-43/H346] | 在馆 | |
| 23 | 69725 | 200697255 | 自科二线404/404自科库 26排3列2层/ [索取号:TU3-43/H346] | 在馆 | |
| 24 | 69726 | 200697264 | 自科二线404/101建筑库 40排2列4层/ [索取号:TU3-43/H346] | 在馆 |